Los espacios económicos

Saved in:
Bibliographic Details
Main Author: Boudeville, Jacques R
Format: Book
Language:Spanish
Published: Buenos Aires, Argentina EUDEBA 1968
Edition:Segunda edición
Series:Los Indispensables. 127
Subjects:
Tags: Add Tag
No Tags, Be the first to tag this record!

MARC

LEADER 00000cam a2200000 a 4500
001 UCE1302
003 CL-VaPUC
005 20210504001631.0
008 140407e19680400ag |||||||||||||||||spa|d
999 |c 355133  |d 355131 
040 |c Pontificia Universidad Católica de Valparaíso 
082 0 4 |a 338.984 BOU 1968  |2 21 
100 |a Boudeville, Jacques R  |9 358761 
245 1 4 |a Los espacios económicos 
250 |a Segunda edición 
260 0 3 |a Buenos Aires, Argentina  |b EUDEBA  |c 1968 
300 |a 110 páginas 
490 0 |a Los Indispensables.  |v 127 
583 |a last modification  |c 20140407 11:30:00  |k Rodrigo Vera 
650 0 |a Economía   |9 255568 
650 0 |a Desarrollo económico y social   |9 256320 
942 |c BK  |2 ddc 
945 |d 20140407 11:30:00  |a dcastane 
952 |0 0  |1 0  |2 ddc  |3 erb  |4 0  |6 338_984000000000000_BOU_1968  |7 0  |8 A  |9 461521  |a BIBING  |b BIBING  |i 5065747  |o 338.984 BOU 1968  |p 5065747  |r 2025-01-20  |t 1  |w 2019-11-23  |y BK  |z Catalogado en:20140407  |k GEO